Biggest Cities in the Boston Area - Statistics

General Stats
  • This quiz has been taken 64 times
  • The average score is 17 of 30
Answer Stats
POP Answer % Correct
658,280 Boston
98%
108,760 Cambridge
88%
92,070 Lynn
84%
93,350 Quincy
82%
109,870 Lowell
78%
88,320 Newton
78%
42,800 Salem
76%
79,510 Somerville
73%
53,170 Revere
69%
94,810 Brockton
67%
57,180 Medford
63%
59,180 Brookline
61%
62,700 Waltham
61%
70,740 Framingham
59%
38,240 Chelsea
57%
44,640 Everett
57%
37,070 Braintree Town
55%
79,340 Lawrence
53%
32,940 Lexington
53%
60,730 Malden
53%
62,340 Haverhill
47%
52,240 Peabody
45%
33,850 Watertown Town
45%
44,410 Arlington
43%
55,600 Weymouth Town
43%
49,040 Methuen Town
39%
39,220 Woburn
37%
33,530 Randolph
31%
40,970 Beverly
29%
39,550 Marlborough
27%
No matching quizzes found
Score Distribution
Percent of People with Each Score
Percentile by Number Answered
Your Score History
You have not taken this quiz